000 00970cam a2200265 a 4500
999 _c9745
_d9745
003 OSt
005 20220111201251.0
008 101209s2011 nyua b 000 0 eng
020 _a9781568988702 (alk. paper)
042 _apcc
082 0 0 _a720.28
_222
_bMEG
100 1 _aWerner, Megan.
245 1 0 _aModel making /
_cMegan Werner.
250 _a1st ed.
260 _aNew York :
_bPrinceton Architectural Press,
_cc2011.
300 _a159 p. :
_bill. (chiefly col.) ;
_c22 cm.
490 1 _aThe architecture brief series
504 _aIncludes bibliographical references (p. 157).
505 0 _aConcept blocks -- Materials -- Tools -- Applied technologies -- Tips and techniques -- Architectural concepts -- Models.
650 0 _aArchitectural models.
830 0 _aArchitecture briefs.
906 _a7
_bcbc
_corignew
_d1
_eecip
_f20
_gy-gencatlg
942 _2ddc